000 02519nam a2200409 i 4500
003 KOSZ 005
005 20200616113403.0
008 180716s2009 pl a|||f m||| 00| 0 pol d
035 _a10599
040 _cKOSZ 005
_aKOSZ 005
_dKOSZ 005/EG
041 _apol
080 _a621.9
080 _a666
084 _a370000
100 1 _aKrzos, Jan.
_eAutor
245 1 0 _aWpływ budowy strukturalnej spoiwa ceramicznego na właściwości eksploatacyjne ściernic z mikrokrystalicznymi ziarnami regularnego azotku boru w procesie szlifowania wewnętrznych powierzchni walcowych :
_brozprawa doktorska /
_cJan Krzos ; Politechnika Koszalińska. Wydział Mechaniczny.
260 _aKoszalin :
_b[s.n.],
_c2009.
300 _a277 strony :
_bilustracje ;
_c30 cm +
_e2 recenzje ; załącznik.
336 _2rdacontent
_aTekst
_btxt
337 _2rdamedia
_aBez urządzenia pośredniczącego
_bn
338 _2rdacarrier
_aWolumin
_bnc
502 _aRozprawa doktorska. Politechnika Koszalińska. 2009.
504 _aBibliografia na stronach 268-277.
520 _aGłównym celem pracy jest określenie wpływu ilości fazy krystalicznej zawartej w spoiwie ceramicznym, na wybrane właściwości eksploatacyjne ściernic zbudowanych z mikrokrystalicznych ziaren regularnego azotku boru. Na podstawie przeprowadzonych badań obwodowego szlifowania wewnętrznych powierzchni walcowych określono kierunki dalszych badań: - wyjaśnienie mechanizmów i zjawisk fizycznych i chemicznych zachodzących na granicy fazy spoiwo-ziarno ścierne; - ustalenie związków pomiędzy uzyskiwanymi wartościami wskaźników procesu szlifowania, w zależności od ilości fazy krystalicznej w spoiwie ceramicznym, podczas procesu obróbki prowadzonego w wyższych zakresach prędkości obwodowych ściernicy; - należy wykonać badania z użyciem szerszego spektrum zmian ilości fazy krystalicznej w spoiwie ceramicznym oraz w zakresie zmian wielkości kryształków spoiwa.
653 _aSzlifowanie
653 _aSpoiwo ceramiczne
653 _aNarzędzia ścierne
653 _aAzotek boru
658 _aInżynieria i technika
655 4 _aRozprawa doktorska
700 1 _aHerman, Daniela.
_ePromotor
700 1 _aPlichta, Jarosław.
_eRecenzja
700 1 _aNiżankowski, Czesław.
_eRecenzja
710 2 _aWydział Mechaniczny (Politechnika Koszalińska)
942 _cDOK
_2UKD
999 _c10599
_d10599